000
00264nam a22001217a 4500
008
181206b xxu||||| |||| 00| 0 eng d
041
_a
eng
080
_2
4 th
_a
821
100
_a
23
101
_a
gju
245
_a
An Inde to english
_c
Karl.w.d
942
_2
udc
_c
BK
999
_c
52953
_d
52953